Advanced engineering mathematics (Record no. 2354)

000 -LEADER
fixed length control field 00457nam a22001937a 4500
001 - CONTROL NUMBER
control field 2354
003 - CONTROL NUMBER IDENTIFIER
control field BD-DhUET
008 - FIXED-LENGTH DATA ELEMENTS--GENERAL INFORMATION
fixed length control field 140922b xxu||||| |||| 00| 0 eng d
020 ## - INTERNATIONAL STANDARD BOOK NUMBER
International Standard Book Number 8121903459
040 ## - CATALOGING SOURCE
Transcribing agency 0
Modifying agency BD-DhUET
082 ## - DEWEY DECIMAL CLASSIFICATION NUMBER
Classification number 510
Item number DAS/2007
100 ## - MAIN ENTRY--PERSONAL NAME
Personal name Dass, H.K.
245 ## - TITLE STATEMENT
Title Advanced engineering mathematics
250 ## - EDITION STATEMENT
Edition statement 17th Rev. ed.
260 ## - PUBLICATION, DISTRIBUTION, ETC. (IMPRINT)
Place of publication, distribution, etc. Ram Nagar
Name of publisher, distributor, etc. S. Chand.
Date of publication, distribution, etc. 2007
300 ## - PHYSICAL DESCRIPTION
Extent xvi,1274p.
650 #0 - SUBJECT ADDED ENTRY--TOPICAL TERM
Topical term or geographic name as entry element Mathematics
942 ## - ADDED ENTRY ELEMENTS (KOHA)
Koha item type General Book
Holdings
Koha issues (times borrowed) Koha normalized classification for sorting Copy number Date acquired Location (home branch) Koha out on loan Lost status Source of classification or shelving scheme Piece designation (barcode) Koha item type Koha full call number Shelving location Sublocation or collection (holding branch) Withdrawn status Not for loan Koha date last seen Damaged status Price effective from Koha date last borrowed
3510DAS200712014-09-22Central Library, BUET   103924General Book510/DAS/2007Circulation sectionCentral Library, BUET  2023-05-06 2014-09-222022-11-23
6510DAS200722014-09-22Central Library, BUET2026-01-27  103925General Book510/DAS/2007Circulation sectionCentral Library, BUET  2026-01-13 2014-09-222026-01-13
4510DAS200732014-09-22Central Library, BUET   103927General Book510/DAS/2007Circulation sectionCentral Library, BUET  2025-02-10 2014-09-222024-12-01
3510DAS200742014-09-22Central Library, BUET   103928General Book510/DAS/2007Circulation sectionCentral Library, BUET  2023-06-05 2014-09-222023-03-22
1510DAS200752014-09-22Central Library, BUET   103929General Book510/DAS/2007Circulation sectionCentral Library, BUET  2016-02-24 2014-09-222014-11-12
2510DAS200772014-09-22Central Library, BUET   103931General Book510/DAS/2007Circulation sectionCentral Library, BUET  2023-02-28 2014-09-222023-01-11
3510DAS200762014-09-22Central Library, BUET   103930General Book510/DAS/2007Circulation sectionCentral Library, BUET  2026-05-09 2014-09-222026-04-15
2510_000000000000000_DAS_200782015-01-26Central Library, BUET   103922General Book510/DAS/2007Circulation sectionCentral Library, BUET  2019-03-31 2015-01-262019-01-20
2510DAS_2007_00000000000000092015-09-01Central Library, BUET   103923General Book510DAS/2007Circulation sectionCentral Library, BUET  2025-04-07 2015-09-012025-03-02
11510_000000000000000_DAS_2007102007-05-28Central Library, BUET2024-12-08  103926General Book510/DAS/2007Circulation sectionCentral Library, BUET  2024-11-24 2017-05-292024-11-24